Con la muerte en los puños : (Registro nro. 60977)
[ vista simple ]
| 000 -LEADER | |
|---|---|
| fixed length control field | 01071cam a2200301 i 4500 |
| 001 - CONTROL NUMBER | |
| control field | 60977 |
| 003 - CONTROL NUMBER IDENTIFIER | |
| control field | Mx-PuUPA |
| 005 - DATE AND TIME OF LATEST TRANSACTION | |
| control field | 20250319162259.0 |
| 008 - FIXED-LENGTH DATA ELEMENTS--GENERAL INFORMATION | |
| fixed length control field | 140415s2021 mx gr 000 f spa d |
| 020 ## - INTERNATIONAL STANDARD BOOK NUMBER | |
| International Standard Book Number | 9786070775956 |
| 040 ## - CATALOGING SOURCE | |
| Original cataloging agency | Mx-PuUPA |
| Transcribing agency | Mx-PuUPA |
| Language of cataloging | spa |
| Modifying agency | Mx-PuUPA |
| Description conventions | rda |
| 041 0# - LANGUAGE CODE | |
| Language code of text/sound track or separate title | spa |
| 100 1# - MAIN ENTRY--PERSONAL NAME | |
| Personal name | Palou, Pedro Angel, |
| Dates associated with a name | 1966- |
| Relator term | autor |
| 9 (RLIN) | 13572 |
| 245 10 - TITLE STATEMENT | |
| Title | Con la muerte en los puños : |
| Remainder of title | (cuaderno de mis días y mis noches bajo el ring) / |
| Statement of responsibility, etc. | Pedro Ángel Palou |
| 250 ## - EDITION STATEMENT | |
| Edition statement | Primera edición |
| 264 #1 - PRODUCTION, PUBLICATION, DISTRIBUTION, MANUFACTURE, AND COPYRIGHT NOTICE | |
| Place of production, publication, distribution, manufacture | Ciudad de México : |
| Name of producer, publisher, distributor, manufacturer | Editorial Planeta Mexicana, |
| Date of production, publication, distribution, manufacture, or copyright notice | 2021 |
| 300 ## - PHYSICAL DESCRIPTION | |
| Extent | 148 páginas ; |
| Dimensions | 20 cm |
| 336 ## - CONTENT TYPE | |
| Fuente | rdacontent |
| Content type term | texto |
| Content type code | txt |
| 337 ## - MEDIA TYPE | |
| Source | rdamedia |
| Media type term | sin medio |
| Media type code | n |
| 338 ## - CARRIER TYPE | |
| Source | rdacarrier |
| Carrier type term | volumen |
| Carrier type code | nc |
| 490 0# - SERIES STATEMENT | |
| Series statement | Biblioteca Pedro Ángel Palou |
| 650 #7 - SUBJECT ADDED ENTRY--TOPICAL TERM | |
| Source of heading or term | armarc |
| Topical term or geographic name entry element | Literatura mexicana |
| 650 #7 - SUBJECT ADDED ENTRY--TOPICAL TERM | |
| Source of heading or term | armarc |
| Topical term or geographic name entry element | Novela mexicana |
| 942 ## - ADDED ENTRY ELEMENTS (KOHA) | |
| Source of classification or shelving scheme | Dewey Decimal Classification |
| Koha item type | Libro |
| Classification part | 863 |
| Item part | P15 |
| Withdrawn status | Lost status | Source of classification or shelving scheme | Damaged status | Not for loan | Collection code | Home library | Current library | Shelving location | Date acquired | Source of acquisition | Cost, normal purchase price | Total Checkouts | Full call number | Barcode | Date last seen | Cost, replacement price | Price effective from | Koha item type | Copy number |
|---|---|---|---|---|---|---|---|---|---|---|---|---|---|---|---|---|---|---|---|
| Dewey Decimal Classification | General | Biblioteca Karol Wojtyla | Biblioteca Karol Wojtyla | Sala general | 22/10/2024 | 11 | 88.20 | 863 P15 2021 | 105539 | 05/01/2026 | 88.20 | 22/10/2024 | Libro | ||||||
| Dewey Decimal Classification | General | Biblioteca Karol Wojtyla | Biblioteca Karol Wojtyla | Sala general | 22/10/2024 | 11 | 88.20 | 863 P15 2021 | 105540 | 05/01/2026 | 88.20 | 22/10/2024 | Libro | Ej.2 | |||||
| Dewey Decimal Classification | General | Biblioteca Karol Wojtyla | Biblioteca Karol Wojtyla | Sala general | 02/12/2024 | 1 | 89.00 | 863 P15 2021 | 105715 | 05/01/2026 | 89.00 | 02/12/2024 | Libro | Ej.3 |